000 00394nam a2200133Ia 4500
003 GCL
008 140319s9999 xx 000 0 ara d
040 _aGCL /
_cGCL
082 0 4 _a811.009
_bع ع
245 1 0 _aعبدالرحمن شكرى شاعرا
260 _a[S.N] :
_bالهيئة المصرية العامة للكتاب ،
_c1994
300 _a303 ص
490 _aدراسات ادبية
_v0
999 _c29786
_d29786